| 000 | 00000nam##2200000za#4500 |
| 001 | 9.689269 |
| 003 | CaOODSP |
| 005 | 20210624231823 |
| 007 | cr ||||||||||| |
| 008 | 150407|2006||||xxc|||||o f|0| 0 eng|d |
| 040 | |aCaOODSP|beng |
| 043 | |an-cn--- |
| 086 | 1 |aH128-1/06-432-1E-PDF |
| 110 | 1 |aCanada. |bHealth Canada. |bHealthy Environments and Consumer Safety Branch. |
| 245 | 10|aResidential indoor air quality guideline - formaldehyde |h[electronic resource] |
| 260 | |aOttawa - Ontario : |bHealth Canada. |c2006. |
| 300 | |a3p.|btables |
| 500 | |aThe catalogue number (H128-1/06-432-1E) and ISBN (0-662-42661-4) for the print edition have been incorrectly copied in this PDF edition. |
| 590 | |a07-05|b2007-02-02 |
| 690 | 07|aAir quality|2gcpds |
| 690 | 07|aHousing|2gcpds |
| 775 | 08|tLignes directrices sur la qualité de l'air intérieur résidentiel - formaldéhyde |w(CaOODSP)9.633687 |
| 776 | 0#|tResidential indoor air quality guideline - formaldehyde |w(CaOODSP)9.650090 |
| 856 | 40|ahttp://publications.gc.ca|qPDF|s291 KB|uhttps://publications.gc.ca/collections/Collection/H128-1-06-432-1E.pdf |